000 00964cab a2200313 4500
001 ABS54639
008 090401t1996 xxu||||| |||| 00| 0 eng d
035 _a(Sirsi) u11466
041 _aeng
100 _aSykes, J.K.
245 _aClaims and disputes in construction: suggestions for their timely resolution
260 _c1996
350 _a0
490 _aConstruction Law Journal
_v12(1) 1996, 3-13(11)
520 _aExamines the reasons for claims and disputes in the construction industry and reviews ways of resolving them.
650 _aALTERNATIVE DISPUTE RESOLUTION
650 _aALTERNATIVE DISPUTE RESOLUTION
650 _aCLAIM REASONS
650 _aCLAIMS
650 _aCONSTRUCTION DISPUTES
650 _aCONTRACTUAL CLAIMS
650 _aDISPUTE AVOIDANCE
650 _aDISPUTE RESOLUTION
_96236
650 _aMEDIATION
650 _aSETTLEMENT OF CLAIMS
690 _aBUILT ENVIRONMENT
942 _n0
948 _c04/03/1997
999 _c7310
_d7310